Statistics for Oregon State Basketball: Top 10 All-Time Leaders

Click here to take the quiz!

General Stats

  • This quiz has been taken 2 times
  • The average score is 9 of 91

Answer Stats

Category#PlayerAmount% Correct
Three Pointers Made7Gary Payton178
100%
Steals1Gary Payton321
100%
Points2Gary Payton2,172
100%
Assists1Gary Payton938
100%
Points Per Game5Gary Payton18.1
100%
Blocks6Steve Johnson114
50%
Points Per Game4Rocky Smith18.5
50%
Points Per Game7Steve Johnson17.5
50%
Rebounds5Steve Johnson785
50%
Field Goal Percent1Steve Johnson67.8%
50%
Points3Steve Johnson2,035
50%
Field Goal Percent10Rocky Smith53.1%
50%
Three Pointers MadeT8Charles McKinney160
0%
Three Pointers MadeT8Josh Steinthal160
0%
Three Pointers Made10Jimmie Haywood144
0%
Field Goal Percent7Scott Haskin55.0%
0%
Three Pointers MadeT5Roberto Nelson179
0%
Field Goal Percent2Vic Bartolome60.7%
0%
Field Goal Percent3A.C. Green60.2%
0%
Three Pointers MadeT5Deaundra Tanner179
0%
Field Goal Percent4Drew Eubanks59.8%
0%
Three Pointers Made4Chris Stephens180
0%
Three Pointers MadeT2Ahmad Starks185
0%
Three Pointers MadeT2Tres Tinkle185
0%
Field Goal Percent5Devon Collier57.6%
0%
Field Goal Percent6Charlie Sitton57.5%
0%
Points Per Game2Jose Ortiz19.8
0%
Field Goal Percent8Lonnie Shelton54.0%
0%
GamesT3Devon Collier128
0%
GamesT10Calvin Haynes122
0%
Games9Roberto Nelson124
0%
GamesT7Earl Martin125
0%
GamesT7Angus Brandt125
0%
Games6Tres Tinkle126
0%
Games5Roeland Schaftenaar127
0%
GamesT3Seth Tarver128
0%
GamesT1Josh Tarver130
0%
Field Goal Percent9Ray Blume53.9%
0%
GamesT1Joe Burton130
0%
Points Per Game10Vince Fritz15.4
0%
Points Per Game9Lonnie Shelton16.2
0%
Points Per Game8Philip Ricci16.4
0%
Points Per Game6Tres Tinkle17.7
0%
Points Per Game3Dave Gambee18.8
0%
Blocks10Philip Ricci75
0%
Points Per Game1Mel Counts22.2
0%
Three Pointers Made1Stephen Thompson, Jr.230
0%
Points1Tres Tinkle2,233
0%
Blocks9Will Brantley85
0%
Rebounds3A.C. Green880
0%
AssistsT3Darryl Flowers457
0%
Assists2George Tucker525
0%
Rebounds10Lonnie Shelton674
0%
Rebounds9Devon Collier679
0%
Rebounds8Jay Carty691
0%
Rebounds7Joe Burton729
0%
Rebounds6Eric Moreland762
0%
Rebounds4Dave Gambee828
0%
Rebounds2Tres Tinkle882
0%
Assists5Dwayne Allen426
0%
Rebounds1Mel Counts1,375
0%
Points10Dave Gambee1,468
0%
Points9Devon Collier1,489
0%
Points8Charlie Sitton1,561
0%
Points7A.C. Green1,694
0%
Points6Roberto Nelson1,745
0%
Points5Stephen Thompson, Jr.1,767
0%
Points4Mel Counts1,973
0%
AssistsT3Deaundra Tanner457
0%
Assists6Charles Neal417
0%
Blocks8Kyle Jeffers97
0%
Steals8Eric Knox178
0%
Blocks7Nick DeWitz111
0%
Blocks5Devon Collier134
0%
Blocks4Drew Eubanks163
0%
Blocks3Scott Haskin172
0%
Blocks2Eric Moreland184
0%
Blocks1Kylor Kelley211
0%
StealsT9Stephen Thompson, Jr.177
0%
StealsT9Seth Tarver177
0%
Steals7Deaundra Tanner179
0%
Assists7Mark Radford401
0%
Steals6Mark Radford184
0%
Steals5Tres Tinkle196
0%
Steals4Brent Barry199
0%
Steals3Ray Blume205
0%
Steals2Jared Cunningham219
0%
AssistsT8Lamar Hurd374
0%
AssistsT8Eric Knox374
0%
AssistsT8Tres Tinkle374
0%
GamesT10Olaf Schaftenaar122
0%

Score Distribution

Percentile by Number Answered

Percent of People with Each Score

Your Score History

You have not taken this quiz